000 00750nam a2200217 i 4500
001 82175
003 ES-MaACL
005 20240421063020.0
007 t|
008 041129s1989 sp ||||1| spa d
020 _a84-7681-084-9
100 1 _aAzúa, Félix de,
_d1944-
_924368
245 1 3 _aEl aprendizaje de la decepción /
_cFélix de Azúa ; selección de artículos al cuidado de J. A. González Sáinz.
260 _aPamplona :
_bPamiela,
_c1989.
300 _a208 p. ;
_c21 cm.
490 1 _aBiblioteca de estudios contemporáneos ;
_v1
700 1 _aGonzález Sainz, J. A.
_958948
830 0 _aBiblioteca de estudios contemporáneos ;
_v1
_9231570
852 _aES-MaACL
_jE-10483
_bR.134655
999 _c82175
_d82175